<?xml version="1.0" encoding="UTF-8"?>
<record
    xmlns:xsi="http://www.w3.org/2001/XMLSchema-instance"
    xsi:schemaLocation="http://www.loc.gov/MARC21/slim http://www.loc.gov/standards/marcxml/schema/MARC21slim.xsd"
    xmlns="http://www.loc.gov/MARC21/slim">

  <leader>02041nam a22002897a 4500</leader>
  <controlfield tag="001">113644</controlfield>
  <controlfield tag="003">DR-UNIBE</controlfield>
  <controlfield tag="005">20251203141445.0</controlfield>
  <controlfield tag="008">250516b2024    sp ||||| |||| 00| 0 spa d</controlfield>
  <datafield tag="020" ind1=" " ind2=" ">
    <subfield code="a">9788427732292</subfield>
  </datafield>
  <datafield tag="040" ind1=" " ind2=" ">
    <subfield code="a">BIBLIOTECA UNIBE</subfield>
    <subfield code="c">BIBLIOTECA UNIBE</subfield>
    <subfield code="e">rda</subfield>
  </datafield>
  <datafield tag="041" ind1=" " ind2=" ">
    <subfield code="a">spa</subfield>
  </datafield>
  <datafield tag="082" ind1=" " ind2=" ">
    <subfield code="a">378  S237u</subfield>
  </datafield>
  <datafield tag="100" ind1=" " ind2=" ">
    <subfield code="a">Santos Rego, Miguel &#xC1;ngel</subfield>
    <subfield code="e">autor</subfield>
    <subfield code="9">195628</subfield>
  </datafield>
  <datafield tag="245" ind1="1" ind2="3">
    <subfield code="a">La universidad y el aprendizaje-servicio : </subfield>
    <subfield code="b">lo que importa es la calidad /</subfield>
    <subfield code="c">Miguel &#xC1;ngel Santos Rego, Daniel S&#xE1;ez Gamb&#xED;n, Mar&#xED;a do Mar Lorenzo Moledo</subfield>
  </datafield>
  <datafield tag="260" ind1=" " ind2=" ">
    <subfield code="a">Madrid :  </subfield>
    <subfield code="b">Narcea ,</subfield>
    <subfield code="c">2024</subfield>
  </datafield>
  <datafield tag="300" ind1=" " ind2=" ">
    <subfield code="a">238  p&#xE1;ginas :</subfield>
    <subfield code="b">ilustraciones</subfield>
  </datafield>
  <datafield tag="490" ind1=" " ind2=" ">
    <subfield code="a">Universitaria</subfield>
  </datafield>
  <datafield tag="505" ind1=" " ind2=" ">
    <subfield code="a">1. El aprendizaje-servicio: origen, influencias e historia  |
2. El aprendizaje-servicio y la universidad del siglo XXI  |
3. La calidad en el aprendizaje-servicio  |
4. El Valor de la Calidad en los proyectos de aprendizaje-servicio |
</subfield>
  </datafield>
  <datafield tag="520" ind1=" " ind2=" ">
    <subfield code="a">Sin duda, una de las metodolog&#xED;as educativas innovadoras en la universidad actual es el Aprendizaje-Servicio (ApS). Con una orientaci&#xF3;n epist&#xE9;mica de corte pragmatista, conecta curr&#xED;culo y necesidades existentes en la comunidad, de modo que articula una pedagog&#xED;a esencial para que el alumnado avance vinculando la construcci&#xF3;n de conocimiento a un compromiso de tipo social. Ahora bien, su proliferaci&#xF3;n en la educaci&#xF3;n superior ha servido tambi&#xE9;n para advertir de que los proyectos de ApS han de servir a prop&#xF3;sitos de calidad en su elaboraci&#xF3;n, implementaci&#xF3;n y evaluaci&#xF3;n, dentro y fuera de las aulas. Esa, y no otra, es la clave de b&#xF3;veda del presente volumen, a fin de que la b&#xFA;squeda de calidad en tales iniciativas exija ir m&#xE1;s all&#xE1; de objetivos o metas superficiales en la tarea de formar, en y desde la universidad del siglo XXI</subfield>
  </datafield>
  <datafield tag="650" ind1=" " ind2="7">
    <subfield code="2">lemb</subfield>
    <subfield code="a">Educaci&#xF3;n superior</subfield>
  </datafield>
  <datafield tag="650" ind1=" " ind2="7">
    <subfield code="2">lemb</subfield>
    <subfield code="a">Innovaciones educativas</subfield>
  </datafield>
  <datafield tag="653" ind1=" " ind2=" ">
    <subfield code="a">Calidad educativa</subfield>
  </datafield>
  <datafield tag="700" ind1="1" ind2=" ">
    <subfield code="a">Lorenzo Moledo, Mar </subfield>
    <subfield code="e">autor</subfield>
    <subfield code="9">195580</subfield>
  </datafield>
  <datafield tag="700" ind1="1" ind2=" ">
    <subfield code="a">S&#xE1;ez Gamb&#xED;n, Daniel</subfield>
    <subfield code="e">autor</subfield>
    <subfield code="9">195581</subfield>
  </datafield>
  <datafield tag="942" ind1=" " ind2=" ">
    <subfield code="2">ddc</subfield>
    <subfield code="c">BK</subfield>
  </datafield>
  <datafield tag="999" ind1=" " ind2=" ">
    <subfield code="c">113644</subfield>
    <subfield code="d">113644</subfield>
  </datafield>
  <datafield tag="952" ind1=" " ind2=" ">
    <subfield code="0">0</subfield>
    <subfield code="1">0</subfield>
    <subfield code="2">ddc</subfield>
    <subfield code="7">0</subfield>
    <subfield code="8">GEN</subfield>
    <subfield code="a">Principal</subfield>
    <subfield code="d">2025-05-16</subfield>
    <subfield code="l">1</subfield>
    <subfield code="o">378  S237u</subfield>
    <subfield code="p">250592</subfield>
    <subfield code="r">2025-05-21 09:12:38</subfield>
    <subfield code="s">2025-05-21</subfield>
    <subfield code="t">Ej. 1</subfield>
    <subfield code="w">2025-05-16</subfield>
    <subfield code="y">BK</subfield>
  </datafield>
</record>
